000 00453nam a22001697a 4500
003 CEME
005 20210628202048.0
008 210224b xxu||||| |||| 00| 0 eng d
020 _a81-7036-972-X
040 _c.
082 _a658.4063 KHA
245 _aTurnaround excellence, insights from 120 cases
260 _aNEW DELHI
_bKHANDWALLA, PRADIP. N
_c2001
300 _a488P
650 _aTURNAROUNDS MANAGEMENT,MANAGEMENT
_958117
942 _cBK
_2ddc
999 _c568330
_d568330